FC 26 Team of the Year - Statistics

General Stats
  • This quiz has been taken 63 times
  • The average score is 17 of 24
Answer Stats
rat pos club player % Correct
Men's Team of the Year 96 ST Manchester City Erling Haaland
98%
Men's Team of the Year 96 ST Real Madrid Kylian Mbappé
98%
Men's Team of the Year 97 ST Paris Saint-Germain Ousmane Dembélé
95%
Men's Team of the Year 95 CM FC Barcelona Pedri
95%
Men's Team of the Year 94 CDM Arsenal Declan Rice
91%
Men's Team of the Year 95 GK Manchester City Gianluigi Donnarumma
91%
Men's Team of the Year 94 RB FC Barcelona Jules Kounde
89%
Men's Team of the Year 95 CB Liverpool Virgil van Dijk
89%
Men's Team of the Year 97 LB Paris Saint-Germain Nuno Mendes
88%
Men's Team of the Year 94 CB Arsenal William Saliba
88%
Men's Team of the Year 95 CM Paris Saint-Germain Vitinha
84%
12th Player 95 LM FC Barcelona Raphinha
81%
Women's Team of the Year 97 CM Barça Femení Aitana Bonmatí
67%
Women's Team of the Year 95 CM Barça Femení Alexis Putellas
60%
Women's Team of the Year 95 RB Chelsea Women Lucy Bronze
60%
Women's Team of the Year 96 ST Arsenal Women Alessia Russo
54%
Women's Team of the Year 95 LW Barça Femení Clàudia Pina
54%
Women's Team of the Year 94 CB Chelsea Women Millie Bright
53%
Women's Team of the Year 97 ST Barça Femení Ewa Pajor
47%
Women's Team of the Year 94 LB OL Lyonnes Selma Bacha
47%
Women's Team of the Year 96 CM Arsenal Women Mariona
42%
Women's Team of the Year 95 CB Arsenal Women Leah Williamson
37%
Women's Team of the Year 94 GK OL Lyonnes Christiane Endler
35%
12th Player 95 RW Barça Femení Caroline Graham Hansen
11%
No matching quizzes found
Score Distribution
Percent of People with Each Score
Percentile by Number Answered
Your Score History
You have not taken this quiz